[Event "CZE-chT2C 1516"]
[Site "Czech Republic"]
[Date "2016.03.13"]
[Round "9.6"]
[White "Fiala, Zdenek"]
[Black "Meszaros, Ludek"]
[Result "0-1"]
[WhiteElo "2018"]
[BlackElo "2117"]
[PlyCount "44"]
[EventDate "2015.10.18"]
[EventType "team-tourn"]
[EventRounds "11"]
[EventCountry "CZE"]
[SourceTitle "EXT 2022"]
[Source "ChessBase"]
[SourceDate "2021.10.06"]
[SourceVersion "1"]
[SourceVersionDate "2021.10.06"]
[SourceQuality "1"]
[WhiteTeam "Svetla nad Sazavou"]
[BlackTeam "Tabor"]
[WhiteTeamCountry "CZE"]
[BlackTeamCountry "CZE"]

1. e4 g6 2. d4 Bg7 3. c4 d6 4. f4 Nf6 5. Nc3 0-0 6. Nf3 c5 7. d5 e6 8. dxe6 fxe6 9. Be2 Nc6 10. 0-0 Nh5 11. g3 Nd4 12. Nxd4 Bxd4+ 13. Kg2 Ng7 14. Nb5 e5 15. Bg4 Be6 16. Bxe6+ Nxe6 17. f5 gxf5 18. exf5 Ng7 19. Nxd4 cxd4 20. f6 Rxf6 21. Bg5 Rxf1 22. Qg4 Rxa1 0-1